| 000 | 00595nam a2200145Ia 4500 | ||
|---|---|---|---|
| 008 | 231129s1977||||xx |||||||||||||| ||spa|| | ||
| 020 | _a84-7232-126-6 | ||
| 040 | _bspa | ||
| 082 | _a972.9424 P397i | ||
| 100 | _aPeña Batle Manuel Arturo | ||
| 245 | 0 | _aLa Isla de la Tortuga : Plaza de Armas refugio y seminario de los enemigos de Espana en Indias. Estudio de algunas de las causas primeras y mas importantes que determinaron la declinacion del imperio Espanol en America | |
| 260 | _c1977 | ||
| 264 | _aEdiciones Cultura Hispanica | ||
| 942 |
_2ddc _cBKS |
||
| 999 |
_c17440 _d17440 |
||